House, M.D. or Impostor? (Sudden Death) - Statistics

General Stats
  • This quiz has been taken 274 times
    262 since last reset
  • The average score is 10 of 11
Answers on the Grid
Answers color-coded by a green-red scale on the quiz's grid according to % correct below.
Gregory House
James Wilson
Lisa Cuddy
Eric Foreman
Allison Cameron
Robert Chase
Chris Taub
Lawrence Kutner
Remy Hadley
Stacy Warner
Amber Volakis
Walter White
Don Draper
Meredith Grey
Cristina Yang
Doug Ross
Mark Greene
Abby Lockhart
Tony Stark
Derek Shepherd
Tyrion Lannister
Michael Scott
Rachel Green
Dr. Zoidberg
 
Answer Stats
Answer % Correct
Lisa Cuddy
97%
Robert Chase
97%
Allison Cameron
96%
Eric Foreman
96%
Gregory House
96%
James Wilson
95%
Lawrence Kutner
94%
Chris Taub
93%
Amber Volakis
90%
Remy Hadley
85%
Stacy Warner
81%
No matching quizzes found
Score Distribution
Percent of People with Each Score
Percentile by Number Answered
Your Score History
You have not taken this quiz since the last reset